000 00607nam a22002177a 4500
005 20240206161745.0
008 240203b |||||||| |||| 00| 0 eng d
020 _a9788196063450
_cRs.500.00
040 _aLoreto College
041 _aEnglish
082 _a370.15
_bRAN
100 _aRanjan, Rashmi
245 _aEducational psychology
_bRashmi Ranjan and Kirti Prajapati
260 _aLunawada
_bRedshine Publication
_c2023
300 _a251p.
_b23cm.
504 _aIncludes references
650 _aEducational psychology
700 _4Auth
_aPrajapati,Kirti
850 _aLCLIB
942 _cBK
999 _c43621
_d94100